书目信息 |
| 题名: |
地籍学
|
|
| 作者: | 林增杰 主编 | |
| 分册: | ||
| 出版信息: | 北京 科学出版社 2006.90 |
|
| 页数: | ||
| 开本: | 16开 | |
| 丛书名: | ||
| 单 册: | ||
| 中图分类: | P27 | |
| 科图分类: | ||
| 主题词: | 地籍学 | |
| 电子资源: | ||
| ISBN: | 7-03-018159-X | |
| 000 | 00484nam0 2200181 450 | |
| 001 | 0736196517 | |
| 005 | 20070924100316.51 | |
| 010 | @a7-03-018159-X@d¥49.00 | |
| 100 | @a20070924d km y0chiy0120 ea | |
| 101 | 0 | @achi |
| 200 | 1 | @a地籍学@Adi ji xue@f林增杰 主编@Flin zeng jie zhu bian |
| 210 | @a北京@c科学出版社@d2006.90 | |
| 215 | @d16开 | |
| 606 | 0 | @a地籍学 |
| 690 | @aP27@v3 | |
| 701 | 0 | @a林增杰@Alin zeng jie@4主编 |
| 801 | 0 | @aCN@bPFT@c20070924 |
| 905 | @a213230@dP27@eZY36@f1 | |
| 地籍学/林增杰 主编.-北京:科学出版社,2006.90 |
| 16开 |
| ISBN 7-03-018159-X:¥49.00 |
| ● |
| 相关链接 |
|
|
|
|
正题名:地籍学
索取号:P27/ZY36
 
预约/预借
| 序号 | 登录号 | 条形码 | 馆藏地/架位号 | 状态 | 备注 |
| 1 | 7902023 | 279020239 | 密集书库-资源管理系/ [索取号:P27/ZY36] | 在馆 |